000 01014cam a2200229 4500
001 ABS65224
008 020402n2002 000 0 eng u
035 _a(Sirsi) u117294
100 _aMansfield, J.
245 _aWhat's in a name? Complexities in the definition of 'refurbishment'.
260 _c2002
490 _aProperty Management
_v20(1) 2002, 23-30(8)
520 _aThe paper discusses the findings of research on the distinct characteristics of refurbishment in the lifecycle of a building. Considers the limitations within the definitions highlighted. Aims to raise awareness of property managers across all sector to the definitional process and to inform the decision-making process.
590 _aABS
650 _aDEFINITIONS
650 _aPROPERTY LIFECYCLE
650 _aBUILT ENVIRONMENT-BUILDING MAINTENANCE AND REFURBISHMENT
650 _aPROPERTY DEPRECIATION
650 _aBUILT ENVIRONMENT-BUILDING MAINTENANCE AND REFURBISHMENT
690 _aRefurbishment
_96264
942 _n0
999 _c69878
_d69878